Statistics for NBA Finals MVPs that never been MVPs

Click here to take the quiz!

General Stats

  • This quiz has been taken 57 times
  • The average score is 11 of 14

Answer Stats

TeamAnswer% Correct
Miami HeatDwyane Wade
100%
Toronto RaptorsKawhi Leonard
96%
Golden State WarriorsAndre Iguodala
92%
Detroit PistonsIsiah Thomas
92%
Detroit PistonsChauncey Billups
85%
Boston CelticsPaul Pierce
81%
San Antonio SpursTony Parker
81%
Los Angeles LakersJerry West
70%
Los Angeles LakersJames Worthy
66%
Detroit PistonsJoe Dumars
66%
Golden State WarriorsRick Barry
64%
Seattle SuperSonicsDennis Johnson
58%
Boston CelticsJo Jo White
53%
Boston CelticsCedric Maxwell
51%

Score Distribution

Percentile by Number Answered

Percent of People with Each Score

Your Score History

You have not taken this quiz